| 000 | 00540nam a2200205Ia 4500 | ||
|---|---|---|---|
| 008 | 140306s9999 xx 000 0 und d | ||
| 020 | _a9788131505410 | ||
| 041 | _aeng | ||
| 082 |
_a658.7 _bJOE/PR |
||
| 100 | _aG.Keong, Leong | ||
| 245 | _aPrinciples of Supply Chain Management : A Balanced approach | ||
| 260 |
_aNew Delhi _bCengage Learning India (P) Ltd. _c2005 |
||
| 300 | _a490 | ||
| 365 | _bRs.365/- | ||
| 700 | _aG.Koeng | ||
| 700 | _aJoel | ||
| 700 | _aJoel, D. Wisner | ||
| 700 | _aKeah-Choon, Tan | ||
| 942 |
_2ddc _cBK |
||
| 999 |
_c187877 _d187877 |
||